00869nam a2200229Ia 4500003000900000008004100009040001600050080001900066110003600085245016100121260003200282300001600314650004100330650002900371650003400400650002700434650003000461700003100491942000700522999001500529952009500544IN-BaIIA211028s9999 xx 000 0 eng d cIIA Library a083:53bINT-II aNational Research Council92694 0aInternational critical tables of numerical data, physics, chemistry and technologybvol. IIcedited by E. W Washburn  aNew YorkbMcGraw-Hillc1927 axvii, 616p. aAstronomy and astrophysics thesaurus aTables - chemistry92695 aTables - numerical data92696 aTables - physics92697 aTables - technology92698 aWashburn, E. W., ed.92699 cBK c1309d1309 00104070aBANbBANcGENd0000-00-00l0o083:53/ INT-IIp1386r2021-11-05w0000-00-00yBK